000
00263nam a2200109Ia 4500
008
230320s9999||||xx |||||||||||||| ||spa||
082
_a
892.7/G45L
100
_a
Gibran, Kahlil
245
0
_a
El Loco, Sus Parabolas Y Poemas
260
_b
CAUSACHUN
942
_8
0
_c
LIB
999
_c
30666
_d
30666